01586nam a2200349Ia 4500001001200000003000800012006001900020007001500039008004100054010001700095020003100112020001800143020003800161040002100199035002100220050002600241082001800267100002400285245015600309260010000465300002200565504005100587533015200638610002900790650004900819650004900868650006800917650007900985655002901064710001701093856012601110ebr10608373CaPaEBRm u cr cn|||||||||120426s2012 caua sb 001 0 eng d z 2012016180 z9780804781114 (alk. paper) z9780804784252 z9780804781121 (pbk. : alk. paper) aCaPaEBRcCaPaEBR a(OCoLC)82083039514aHN90.I56b.F48 2012eb04a303.48/332231 aFetterman, David M.10aEmpowerment evaluation in the digital villagesh[electronic resource] :bHewlett-Packard's 15 million race toward social justice /cDavid M. Fetterman. aStanford, Californa :bStanford Business Books, an imprint of Stanford University Press,c2012. ax, 154 p. :bill. aIncludes bibliographical references and index. aElectronic reproduction.bPalo Alto, Calif. :cebrary,d2011.nAvailable via World Wide Web.nAccess may be limited to ebrary affiliated libraries.20aHewlett-Packard Company. 0aDigital dividezUnited StatesvCase studies. 0aSocial justicezUnited StatesvCase studies. 0aCommunity developmentzUnited StatesxEvaluationvCase studies. 0aEvaluation research (Social action programs)zUnited StatesvCase studies. 7aElectronic books.2local2 aebrary, Inc.40uhttp://site.ebrary.com/lib/rucke/Doc?id=10608373zAn electronic book accessible through the World Wide Web; click to view